| 000 | 00450nam a2200181 4500 | ||
|---|---|---|---|
| 001 | VA9740 | ||
| 003 | ES-SlBCS | ||
| 005 | 20210601154157.0 | ||
| 008 | 140520s1952 xxu||||| |||| 00| 0 spa d | ||
| 041 | _aspa | ||
| 100 | 1 |
_aLumbreras, Pedro _923382 |
|
| 245 | 1 | 0 |
_aCasos y lecciones del Quijote _cPedro Lumbreras |
| 250 | _a2ยช ed. | ||
| 260 |
_aMadrid : _bStudium _c, 1952 |
||
| 300 |
_a208 p.; _c19 cm |
||
| 650 |
_aQuijote _9216496 |
||
| 942 | _cBK | ||
| 999 |
_c801124 _d801124 |
||